Gazetteer of the Montgomery District (Sahiwal) 1883-84. (Record no. 330761)

000 -LEADER
fixed length control field 01015cam a2200301 a 4500
001 - CONTROL NUMBER
control field 17400357
003 - CONTROL NUMBER IDENTIFIER
control field NUST
005 - DATE AND TIME OF LATEST TRANSACTION
control field 20180116122647.0
008 - FIXED-LENGTH DATA ELEMENTS--GENERAL INFORMATION
fixed length control field 120725s2012 pk b 000 0 eng
010 ## - LIBRARY OF CONGRESS CONTROL NUMBER
LC control number 2012432175
020 ## - INTERNATIONAL STANDARD BOOK NUMBER
International Standard Book Number 9789693524888
020 ## - INTERNATIONAL STANDARD BOOK NUMBER
International Standard Book Number 9693524888
025 ## - OVERSEAS ACQUISITION NUMBER
Overseas acquisition number P-E-2012432175; 31
040 ## - CATALOGING SOURCE
Original cataloging agency DLC
Transcribing agency DLC
042 ## - AUTHENTICATION CODE
Authentication code lcode
-- pcc
043 ## - GEOGRAPHIC AREA CODE
Geographic area code a-ii---
050 00 - LIBRARY OF CONGRESS CALL NUMBER
Classification number DS392.S23
Item number G39 2012
082 ## - DEWEY DECIMAL CLASSIFICATION NUMBER
Classification number 954.915
Author Mark GAZ
245 00 - TITLE STATEMENT
Title Gazetteer of the Montgomery District (Sahiwal) 1883-84.
246 30 - VARYING FORM OF TITLE
Title proper/short title Montgomery District (Sahiwal), 1883-84
246 30 - VARYING FORM OF TITLE
Title proper/short title Sahiwal
260 ## - PUBLICATION, DISTRIBUTION, ETC.
Place of publication, distribution, etc. Lahore :
Name of publisher, distributor, etc. Sang-e-Meel Publications,
Date of publication, distribution, etc. 2012.
300 ## - PHYSICAL DESCRIPTION
Extent 186 p. ;
Dimensions 25 cm.
500 ## - GENERAL NOTE
General note Originally published: Lahore : Arya Press, 1884.
504 ## - BIBLIOGRAPHY, ETC. NOTE
Bibliography, etc. note Includes bibliographical references.
651 #0 - SUBJECT ADDED ENTRY--GEOGRAPHIC NAME
Geographic name Sahiwal District (Pakistan)
9 (RLIN) 3737
906 ## - LOCAL DATA ELEMENT F, LDF (RLIN)
a 7
b cbc
c origode
d 3
e ncip
f 20
g y-gencatlg
942 ## - ADDED ENTRY ELEMENTS (KOHA)
Source of classification or shelving scheme
Koha item type Book
Holdings
Withdrawn status Lost status Source of classification or shelving scheme Damaged status Not for loan Collection code Permanent Location Current Location Shelving location Date acquired Total Checkouts Full call number Barcode Date last seen Copy number Price effective from Koha item type
            Central Library (CL) Central Library (CL) Book Cart 08/03/2017   954.915 GAZ CL2846 08/03/2017 1 08/03/2017 Book
© 2023 Central Library, National University of Sciences and Technology. All Rights Reserved.